Văn hóa việt nam những nét đại cương
Guardat en:
| Autor principal: | |
|---|---|
| Format: | Llibre |
| Idioma: | Undetermined |
| Publicat: |
Văn học
2002
|
| Etiquetes: |
Afegir etiqueta
Sense etiquetes, Sigues el primer a etiquetar aquest registre!
|
| Thư viện lưu trữ: | Trung tâm Học liệu Trường Đại học Cần Thơ |
|---|
| LEADER | 00409nam a2200145Ia 4500 | ||
|---|---|---|---|
| 001 | CTU_48361 | ||
| 008 | 210402s9999 xx 000 0 und d | ||
| 082 | |a 306.089597 | ||
| 082 | |b T406 | ||
| 100 | |a TOAN ÁNH | ||
| 245 | 0 | |a Văn hóa việt nam những nét đại cương | |
| 245 | 0 | |c TOAN ÁNH | |
| 260 | |b Văn học | ||
| 260 | |c 2002 | ||
| 980 | |a Trung tâm Học liệu Trường Đại học Cần Thơ | ||